| 000 | 008110000a22002410004500 | ||
|---|---|---|---|
| 003 | LK-CoMWRAF | ||
| 005 | 20230829102111.0 | ||
| 008 | 230817t1991 ||||| |||| 00| 0 eng d | ||
| 020 | _a080392805X | ||
| 040 |
_aLK-CoMWRAF _dLK-CoMWRAF _eLK-CoMWRAF |
||
| 041 | _aeng | ||
| 082 |
_a306.88 _bMOR |
||
| 100 | _aMorgan, Leslie A. | ||
| 245 |
_aAfter Marriage Ends: _bEconomic Consequences for Midlife Women |
||
| 260 |
_aCalifornia: _bSage Publications, _c1991 |
||
| 300 |
_ax, 169 p. : ill. ; 22 cm. _bBibliography and index included |
||
| 490 | _aNew perspectives on family | ||
| 650 | _aDIVORCED WOMAN-Economic conditions-United States | ||
| 650 | _aWidows-Economic conditions. | ||
| 650 | _aMiddle-aged women--United States--Economic conditions. | ||
| 650 | _aMarriage--Economic aspects | ||
| 942 | _cBK | ||
| 999 |
_c2301 _d2301 |
||